Village government in India : (Record no. 5743)
[ view plain ]
| 000 -LEADER | |
|---|---|
| fixed length control field | 00871nam a2200289I 4500 |
| 001 - CONTROL NUMBER | |
| control field | 5743 |
| 003 - CONTROL NUMBER IDENTIFIER | |
| rucl marc code | BD-RjUL |
| 005 - DATE AND TIME OF LATEST TRANSACTION | |
| control field | 20211208234123.0 |
| 008 - FIXED-LENGTH DATA ELEMENTS--GENERAL INFORMATION | |
| fixed length control field | 140107s1962 nyua 001 0 eng |
| 035 ## - SYSTEM CONTROL NUMBER | |
| System control number | MITb10504588 |
| System control number | (BD-RjUL)5782 |
| System control number | GLIS00504588 |
| 040 ## - CATALOGING SOURCE | |
| Original cataloging agency | DLC |
| Transcribing agency | EYR |
| Modifying agency | m/c |
| -- | RCD |
| -- | BD-RjUL |
| Language of cataloging | eng |
| 041 ## - LANGUAGE CODE | |
| Language code of text/sound track or separate title | eng |
| 082 04 - DEWEY DECIMAL CLASSIFICATION NUMBER | |
| Edition number | 16 |
| Classification number | 352.054 |
| Author mark and year | REV 1962 |
| 090 ## - LOCALLY ASSIGNED LC-TYPE CALL NUMBER (OCLC); LOCAL CALL NUMBER (OCLC) | |
| Classification number (OCLC) (R) ; Classification number, CALL (RLIN) (NR) | JS7008 |
| Local cutter number (OCLC) ; Book number/undivided call number, CALL (RLIN) | .R441 |
| 100 1# - MAIN ENTRY--PERSONAL NAME | |
| Personal name | Retzlaff, Ralph H. |
| Fuller form of name | (Ralph Herbert), |
| Dates associated with a name | 1929- |
| 9 (RLIN) | 18021 |
| 245 10 - TITLE STATEMENT | |
| Title | Village government in India : |
| Remainder of title | a case study / |
| Statement of responsibility, etc. | by Ralph H. Retzlaff. |
| 260 ## - PUBLICATION, DISTRIBUTION, ETC. (IMPRINT) | |
| Place of publication, distribution, etc. | New York, |
| Name of publisher, distributor, etc. | Asia Pub. House |
| Date of publication, distribution, etc. | c1962 |
| 300 ## - PHYSICAL DESCRIPTION | |
| Pagination | 140 p. : |
| Illustrations | illus. ; |
| Size | 23 cm. |
| 504 ## - BIBLIOGRAPHY, ETC. NOTE | |
| Bibliography, etc | Includes index. |
| 650 #0 - SUBJECT ADDED ENTRY--TOPICAL TERM | |
| Topical term or geographic name as entry element | Local government |
| Geographic subdivision | India |
| Form subdivision | Case studies. |
| 9 (RLIN) | 18022 |
| Topical term or geographic name as entry element | Villages |
| Geographic subdivision | India |
| Form subdivision | Case studies. |
| 9 (RLIN) | 18023 |
| 942 ## - ADDED ENTRY ELEMENTS (KOHA) | |
| Source of classification or shelving scheme | Dewey Decimal Classification |
| Koha item type | Books |
| Lost status | Source of classification or shelving scheme | Damaged status | Not for loan | Collection code | Permanent Location | Current Location | Shelving location | Date acquired | Source of acquisition | Cost, normal purchase price | Total Checkouts | Full call number | Date last seen | Copy number | Koha item type |
|---|---|---|---|---|---|---|---|---|---|---|---|---|---|---|---|
| Dewey Decimal Classification | Not For Loan | Non-fiction | Central Library, University of Rajshahi | Central Library, University of Rajshahi | 26/10/1963 | Euro- pak | 11.60 | 352.054 REV 1962 | 07/01/2014 | C-1 | Books |